[Event "CCOL8 prel corr"]
[Site "CCOL8 prel corr"]
[Date "1974.??.??"]
[Round "?"]
[White "Muir, Walter G"]
[Black "Pereira, Stephen"]
[Result "1-0"]
[WhiteElo "2275"]
[BlackElo "2570"]
[PlyCount "95"]
[EventDate "1974.??.??"]
[Source "www.chesslib.no"]
[SourceDate "2004.05.04"]

1. e4 c5 2. d4 cxd4 3. c3 dxc3 4. Nxc3 Nc6 5. Nf3 e6 6. Bc4 Bb4 7. O-O Bxc3 8. bxc3 Nge7 9. Qe2 O-O 10. Rd1 Qa5 11. Rb1 a6 12. Rb3 Qh5 13. Ba3 Re8 14. Bd6 b5 15. Bd3 Ng6 16. c4 b4 17. Bxb4 Nf4 18. Qf1 d5 19. Re1 Nxb4 20. Rxb4 e5 21. Reb1 Bh3 22. Ne1 dxc4 23. Bxc4 Be6 24. f3 Qg5 25. Bxe6 Nxe6 26. Qf2 Rec8 27. h4 Qd8 28. g3 Nd4 29. f4 Nc6 30. R4b2 Rab8 31. f5 Rxb2 32. Rxb2 Rb8 33. Rd2 Qe7 34. Nf3 Kf8 35. Kg2 f6 36. Qe2 Qb4 37. h5 Nd4 38. Qd3 a5 39. Nxd4 exd4 40. a3 Qc3 41. Qxd4 Qxa3 42. h6 Re8 43. e5 Qe7 44. e6 gxh6 45. Qc3 Rd8 46. Qxa5 Rxd2+ 47. Qxd2 Ke8 48. Qb2 1-0

[Event "1st ch-Mediterranean"]
[Site "Beirut"]
[Date "2003.09.27"]
[Round "2"]
[White "Hakki, Imad"]
[Black "Abdel Razik, Khaled"]
[Result "1-0"]
[WhiteElo "2451"]
[BlackElo "2391"]
[PlyCount "61"]
[EventDate "2003.09.26"]
[Source "Roberto Alvarez"]
[SourceDate "2003.10.13"]

1. d4 c5 2. e4 g6 3. dxc5 Bg7 4. Nf3 Nc6 5. Nc3 Bxc3+ 6. bxc3 Qa5 7. Bd3 Qxc3+ 8. Bd2 Qxc5 9. O-O Nf6 10. Rb1 a6 11. Be3 Qa5 12. e5 Nxe5 13. Nxe5 Qxe5 14. Re1 d5 15. Bc5 Ne4 16. Bd4 Qxd4 17. Bb5+ axb5 18. Qxd4 O-O 19. Rxb5 e6 20. a4 Bd7 21. Rxb7 Bxa4 22. f3 Nd6 23. Rb2 Bd7 24. Qf6 Rfe8 25. h4 h5 26. Rb6 Nf5 27. Rb7 Rad8 28. g4 Ng7 29. Re5 hxg4 30. fxg4 Rf8 31. h5 1-0

[Event "Open"]
[Site "Balaguer"]
[Date "2003.07.18"]
[Round "4"]
[White "Musalov, Ruslan"]
[Black "Izsak, Gyula"]
[Result "1/2-1/2"]
[WhiteElo "2387"]
[BlackElo "2454"]
[PlyCount "88"]
[EventDate "2003.07.14"]
[Source "Roberto Alvarez"]
[SourceDate "2003.08.25"]

1. e4 c5 2. d4 cxd4 3. c3 d3 4. Bxd3 Nc6 5. c4 e6 6. Nc3 Nf6 7. Nge2 a6 8. b3 Be7 9. O-O O-O 10. f3 d6 11. Be3 Bd7 12. Nd4 Nxd4 13. Bxd4 Bc6 14. Rc1 Rc8 15. Bb1 g6 16. Qd3 Nh5 17. Be3 e5 18. Nd5 Bxd5 19. cxd5 Bg5 20. Rxc8 Bxe3+ 21. Qxe3 Qxc8 22. Rc1 Qd7 23. Rc3 Rc8 24. Kf2 Kg7 25. Qc1 Rxc3 26. Qxc3 Qb5 27. g3 Nf6 28. Qd3 Qb4 29. Ke2 Nd7 30. Qd2 Qc5 31. Qe3 Qc8 32. Kd2 Nc5 33. b4 Na4 34. Bc2 b5 35. Bxa4 bxa4 36. Qd3 Qb7 37. a3 Qb6 38. Qe3 Qb5 39. f4 Qc4 40. fxe5 Qa2+ 41. Kd1 Qa1+ 42. Kc2 Qa2+ 43. Kd1 Qa1+ 44. Kc2 Qa2+ 1/2-1/2

[Event "Paks Cup GM"]
[Site "Paks"]
[Date "2004.08.29"]
[Round "9"]
[White "Zelic, Mladen"]
[Black "Nevednichy, Vladislav"]
[Result "0-1"]
[WhiteElo "2300"]
[BlackElo "2538"]
[PlyCount "48"]
[EventDate "2004.08.21"]
[Source "Roberto Alvarez"]
[SourceDate "2004.09.15"]

1. e4 c5 2. d4 cxd4 3. c3 dxc3 4. Nxc3 Nc6 5. Nf3 e6 6. Bc4 a6 7. O-O Nge7 8. Bg5 f6 9. Be3 Ng6 10. Nd4 Nxd4 11. Qxd4 Be7 12. f4 O-O 13. Rad1 Kh8 14. Bb3 b5 15. Nd5 exd5 16. Bxd5 Rb8 17. Qa7 Bd6 18. e5 fxe5 19. fxe5 Rxf1+ 20. Rxf1 Bxe5 21. Rf7 Qc7 22. h4 Bb7 23. Bxb7 Rxb7 24. Qxa6 Kg8 0-1

[Event "Bled op18th"]
[Site "Bled"]
[Date "1997.??.??"]
[Round "8"]
[White "Zelic, Mladen"]
[Black "Sutovsky, Emil"]
[Result "0-1"]
[WhiteElo "2275"]
[BlackElo "2560"]
[PlyCount "56"]
[EventDate "1997.03.15"]
[Source "ChessBase"]

1. e4 c5 2. d4 cxd4 3. c3 dxc3 4. Nxc3 Nc6 5. Nf3 d6 6. Bc4 Nf6 7. O-O a6 8. Bg5 e6 9. Qe2 Be7 10. Rfd1 Qc7 11. Rac1 O-O 12. Bb3 Bd7 13. Nd5 exd5 14. exd5 Bg4 15. dxc6 bxc6 16. Re1 Ra7 17. Qd3 Qa5 18. h4 c5 19. Rxe7 Rxe7 20. Bxf6 gxf6 21. Qxd6 Qd8 22. Qg3 h5 23. Nh2 Qd2 24. Rxc5 Re1+ 25. Nf1 Qe2 26. Bc4 Rxf1+ 27. Kh2 Qxf2 28. Bxf1 Qxc5 0-1

[Event "Bled Open"]
[Site "Bled SLO"]
[Date "1994.??.??"]
[Round "?"]
[White "Zelic, Mladen"]
[Black "Farago, Ivan"]
[Result "1-0"]
[WhiteElo "2320"]
[BlackElo "2515"]
[PlyCount "123"]
[EventDate "1994.03.??"]
[Source "www.chesslib.no"]
[SourceDate "2004.05.04"]

1. e4 c5 2. d4 cxd4 3. c3 dxc3 4. Nxc3 Nc6 5. Nf3 e6 6. Bc4 a6 7. O-O Nge7 8. Bg5 f6 9. Be3 Ng6 10. Nd4 Bb4 11. Bb3 Na5 12. f4 Nxb3 13. axb3 O-O 14. Qh5 Ne7 15. Rf3 Qe8 16. Qxe8 Rxe8 17. Ndb5 Rf8 18. Nc7 Rb8 19. Ba7 Nc6 20. Bxb8 Nxb8 21. Kf1 b5 22. f5 Bd6 23. Na8 Bb7 24. Rd3 Be5 25. Nb6 b4 26. Nca4 Bxe4 27. Rdd1 Bxf5 28. Nxd7 Nxd7 29. Rxd7 Bxh2 30. Nb6 e5 31. Re7 Rd8 32. Nc4 Bg3 33. Ke2 Bg4+ 34. Ke3 Bf5 35. Rxa6 e4 36. Ke2 Bg4+ 37. Ke3 f5 38. Ne5 Bxe5 39. Rxe5 Rd3+ 40. Kf4 Rd7 41. Rb6 Kf7 42. Rxb4 h6 43. Rb6 g5+ 44. Kg3 h5 45. Kh2 h4 46. b4 h3 47. gxh3 Rd2+ 48. Kg1 Bxh3 49. Rc5 Rd7 50. Rh6 Rd1+ 51. Kf2 Bg4 52. Rc7+ Kg8 53. Rg6+ Kh8 54. Rxg5 Rd3 55. Re7 Rf3+ 56. Ke2 Rb3+ 57. Kd2 Rd3+ 58. Kc1 e3 59. Kc2 Rd4 60. Rxe3 Rxb4 61. Kc3 Rb7 62. Re1 1-0

[Event "SSKK"]
[Site "?"]
[Date "1997.04.15"]
[Round "?"]
[White "Gundersen Helge (NOR)"]
[Black "Soederberg Per (SWE)"]
[Result "0-1"]
[WhiteElo "2415"]
[BlackElo "2420"]
[PlyCount "72"]
[EventDate "1997.??.??"]
[Source "www.chesslib.no"]
[SourceDate "2004.05.04"]

1. e4 c5 2. d4 cxd4 3. c3 e5 4. Nf3 Nc6 5. Bc4 Qc7 6. Qb3 d6 7. cxd4 a6 8. Nc3 Nf6 9. dxe5 dxe5 10. Ng5 Nd4 11. Bxf7+ Ke7 12. Qa3+ Kd8 13. Qa4 h6 14. Nd5 Qc6 15. Qa5+ b6 16. Qxb6+ Qxb6 17. Nxb6 Rb8 18. Nxc8 hxg5 19. O-O Kxc8 20. Bc4 Rb6 21. Bd3 Nxe4 22. b3 Nc5 23. Bc4 g4 24. Be3 Be7 25. Rfd1 Rd8 26. Rac1 Kb8 27. Re1 Bf6 28. Kf1 Rbd6 29. b4 Nce6 30. a4 Nf5 31. Bxe6 Nxe3+ 32. Rxe3 Rxe6 33. Rc4 Rd1+ 34. Ke2 Red6 35. Rxg4 R6d2+ 36. Kf3 Ra1 0-1

[Event "Eksjo"]
[Site "Eksjo"]
[Date "1982.??.??"]
[Round "6"]
[White "Nun, Jiri"]
[Black "Ornstein, Axel"]
[Result "1/2-1/2"]
[WhiteElo "2360"]
[BlackElo "2475"]
[PlyCount "70"]
[EventDate "1982.08.??"]
[Source "ChessBase"]

1. e4 c5 2. d4 cxd4 3. c3 dxc3 4. Nxc3 Nc6 5. Nf3 e6 6. Bc4 Bb4 7. O-O Bxc3 8. bxc3 Nge7 9. Qd6 O-O 10. Rd1 b6 11. h4 f5 12. e5 Qe8 13. Ba3 h6 14. Rd3 Rf7 15. h5 Na5 16. Bb5 Nd5 17. Rxd5 exd5 18. Nd4 Nc4 19. Qxd5 Nxa3 20. Qxa8 Nxb5 21. Nxb5 Rf8 22. Qd5+ Kh7 23. Nxa7 Ba6 24. Nb5 Qxh5 25. c4 Bxb5 26. cxb5 Qe2 27. a4 Re8 28. Qxd7 Rxe5 29. Qd4 Re6 30. Rc1 Qe4 31. Qxe4 Rxe4 32. Rc6 Rxa4 33. Rxb6 Rb4 34. Kh2 g5 35. Kg3 h5 1/2-1/2

[Event "CSR Team Ch 9091"]
[Site "Czekhoslovakia"]
[Date "1991.03.16"]
[Round "11.2"]
[White "Votava, Jan"]
[Black "Vokac, Marek"]
[Result "1/2-1/2"]
[WhiteElo "2380"]
[BlackElo "2455"]
[PlyCount "32"]
[EventDate "1990.??.??"]
[Source "www.chesslib.no"]
[SourceDate "2004.05.04"]

1. e4 c5 2. d4 cxd4 3. c3 dxc3 4. Nxc3 e6 5. Nf3 d6 6. Bc4 Be7 7. O-O Nf6 8. Qe2 O-O 9. Rd1 Nbd7 10. e5 dxe5 11. Nxe5 Qb6 12. Be3 Qa5 13. Nf3 Ne5 14. Nd2 Nxc4 15. Nxc4 Qa6 16. Bg5 b5 1/2-1/2

[Event "It (Open) INT"]
[Site "?"]
[Date "2006.05.06"]
[Round "?"]
[White "Hamitevici Vladimir"]
[Black "Dragomarezkij Evgeni"]
[Result "1-0"]
[WhiteElo "2351"]
[BlackElo "2483"]
[PlyCount "75"]
[EventDate "2006.??.??"]
[Source "www.chesslib.no"]
[SourceDate "2004.05.04"]

1. e4 c5 2. d4 cxd4 3. c3 dxc3 4. Nxc3 e6 5. Nf3 a6 6. Bc4 Ne7 7. Bg5 d6 8. O-O Nbc6 9. Qe2 Qa5 10. Rfd1 Ng6 11. Bd2 Qh5 12. Bb3 Be7 13. Na4 O-O 14. Nb6 Rb8 15. Rac1 Nge5 16. Be3 Nxf3+ 17. Qxf3 Qxf3 18. gxf3 Rd8 19. Ba4 h6 20. Bxc6 bxc6 21. Rxc6 Kf8 22. Rc7 a5 23. Rdc1 Bb7 24. Nd7+ Rxd7 25. Rxd7 Bc8 26. Rdc7 Ba6 27. b3 g5 28. Ra7 Be2 29. Rcc7 Re8 30. f4 Bf3 31. fxg5 hxg5 32. h4 gxh4 33. Bh6+ Kg8 34. Rxe7 Rc8 35. Rac7 Rb8 36. Rxf7 Bxe4 37. Rg7+ Kh8 38. Rg4 1-0